000 00581nam a22001697a 4500
005 20251108165430.0
008 250721s9999 xx 000 0 ara d
082 1 4 _a759.05/على
245 1 0 _aعلى عفاف الأردن :
_bرسامين بريطانيين من القرن التاسع عشر ذ /
246 1 3 _aالمتحف الوطني الأردني
264 1 _aعمان :
_bالجمعية الملكية للفنون الجميلة،
_c[19-].
300 _a30ص
650 1 7 _aالخط العربي
650 1 7 _aالرسومات
942 _2ddc
_cBK
999 _c27768
_d27768